[Event "Jakarta Makita Lakoni"]
[Site "Jakarta"]
[Date "2004.02.22"]
[Round "7"]
[White "Juswanto, Denny"]
[Black "Hoang, Thanh Trang"]
[Result "1-0"]
[WhiteElo "2505"]
[BlackElo "2447"]
[Annotator "Roiz,M"]
[PlyCount "111"]
[EventDate "2004.02.16"]
[EventType "tourn"]
[EventRounds "10"]
[EventCountry "INA"]
[EventCategory "10"]
[SourceTitle "CBM 100"]
[Source "ChessBase"]
[SourceDate "2004.06.01"]
[SourceVersion "1"]
[SourceVersionDate "2004.06.01"]
[SourceQuality "1"]

1. Nf3 f5 2. b3 d6 3. d4 Nf6 4. g3 g6 5. Bg2 Bg7 6. O-O O-O 7. c4 c6 8. Nc3 Na6
({another common continuation here is:} 8... Qa5 {[%cal Ge7e5] followed by the
typical e7-e5.}) 9. Bb2 Qe8 {[%cal Ge7e5] That move is connected with a plan
of e7-e5.} ({Another standard plan in that kind of positions is counterplay on
the qside by b7-b5.Usually black starts to realize it by} 9... Bd7 {[%cal
Gb7b5,Ga8b8]}) ({or} 9... Rb8) 10. Re1 $5 {In order to meet 10...e7-e5 with
e2-e4.In my opinion,that move is a good alternative to the main 10.d5 which
promises white an excellent chanses of getting advantage.} (10. d5 Bd7 11. Nd4
{is another principal continuation which leads to a very complicated
strategical struggle.}) 10... e5 {That logical move is logical,but quite risky.
Black is not developed yet,and white has an opportunity of exploiting his
development advantage.} ({Black doesn't manage to equalize also after:} 10...
h6 11. e4 fxe4 12. Nxe4 Qf7 13. Nxf6+ Qxf6 14. Re3 Bd7 15. Qe2 Rae8 16. Bc3 Qf7
17. Re1 $14 {1/2-1/2 Sokolov,A-Gavrikov,V/Germany 1992/GER-chT2 (27)}) (10...
Bd7 $6 11. e4 fxe4 12. Nxe4 Nxe4 13. Rxe4 Bf5 14. Re3 {[%cal Ge3e7]} Nb4 15.
Nh4 $1 Bd7 16. Qd2 Na6 {()} 17. Rae1 Rf7 18. f4 Bf6 19. Nf3 h6 20. Ne5 $1 {
typical idea in this structure} Rh7 21. Nxd7 Qxd7 22. d5 $16 {Vyzmanavin,
A-Sanz Alonso,F/Benidorm op 1993 (33)/1-0}) (10... Ne4 11. Qc2 $1 (11. Qb1 $143
Nxc3 12. Bxc3 Nc5 {[%cal Gc5e4]}) 11... Nxc3 (11... Nb4 12. Qb1 Nxc3 13. Bxc3
$14) 12. Bxc3 $14 {[%csl Ra6][%cal Ge2e4]}) 11. dxe5 {That exchange is not
necessary at all.} ({even stronger is an immediate} 11. e4 $1 {[%cal Ge1e8]} f4
12. Ba3 c5 13. Nb5 exd4 14. Nxd6 Qe7 $4 {[%cal Ga3e7]} 15. e5 Ng4 16. Nxc8
Raxc8 17. Qxd4 $1 $18 {-see comments to an important game 1-0 Filippov,
V-Potapov,A/Perm 1997/CBM 58/[Tyomkin,D] (31)}) 11... dxe5 12. e4 f4 {That
pawn structure is considered O.K for black,as he has a lot of space and a
clear plan of attack by h7-h6,g6-g5 e.t.c.On the other hand,his central pawn
e5 is quite weak and white is usually trying to seize an initiative,putting
pressure on it.} 13. Ba3 {The most logical move-black is forced to place his
rook on f7,there it will be quite vulnerable in view of possible Nf3-g5.It's
also important to notice that white can put his bishop on d6,attacking e5 and
cutting Na6.} ({White has also tried:} 13. gxf4 $6 Nh5 14. Ne2 Nxf4 15. Nxf4
Rxf4 16. h3 Qe7 17. Bc1 Rf8 18. Bg5 Bf6 19. Qd2 Be6 $15 {1/2-1/2 Gonzalez
Garcia,J-De la Riva Aguado,O/Ubeda 1998/CBM 62 ext (23)}) (13. Na4 fxg3 14.
fxg3 Bg4 15. h3 Bxf3 16. Bxf3 Qe7 17. Qe2 Rf7 18. Rad1 {1/2-1/2 Holst,
P-Petersen,S/Denmark 1992/EXT 2000 (18)}) 13... Rf7 14. h3 $1 $146 {[%csl Rg4]
[%cal Yh3g4][%mdl 8] A good profilactic move.Now it's not easy for black to
find a comfortable square for his bishop.} (14. Qe2 Nh5 15. Ng5 Rd7 16. Bh3 Rd8
17. Bxc8 Raxc8 18. c5 Rd4 19. Rad1 Rcd8 20. Rxd4 Rxd4 21. Rd1 Rxd1+ 22. Qxd1
$11 {1/2-1/2 Braemigk,U-Schoen,R/Lahnstein 1999/EXT 2001 (28)}) 14... fxg3 {
That exchange wasn't necessary at all,but black had no chanses of attack
anyway.} ({after} 14... h6 15. Qe2 g5 16. Rad1 $14 {Ra8,Na6 and Bc8 are out of
play,so white has nothing to worry about.}) 15. fxg3 Nh5 {According to
Siegbert Tarrasch,one of the great players in past-''the knight can be never
placed well at the corner of the board''.As we see-there are 2 black's knights
on a6 and h5!On the other hand,now black can at least put his bishop on e6.} ({
there was another way for Bc8:} 15... b6 16. Qd2 Bb7 17. Rad1 c5 (17... Nc5 18.
Bxc5 bxc5 19. Na4 Nd7 20. Qa5 $16) 18. Nd5 $14 {In this position white has a
stable advantage,but black's position is solid enough.}) 16. Kh2 Be6 {Black
had somehow completed his development,but his Na6 is still out of play.} ({
deserved attention} 16... b6 $5 17. Qe2 Nc5 {[%cal Gc5e6]} 18. Bxc5 {otherwise
black's knight will occupy an excellent square on e6} bxc5 19. Na4 Qe7 20. Qe3
Bf8 21. Rad1 $14 {with a very complicated position in which white's chanses
are slighty preferable due to some weaknesses of black's pawn structure.}) 17.
Qe2 (17. Ng5 $143 Rf2 18. Nxe6 Qxe6 19. Re2 Rxe2 20. Qxe2 Rd8 {and black is
close to equality.}) 17... Rd8 18. Rad1 $14 {After the exchange of the rooks,
white's minor pieces will be much better than black's.} Rfd7 19. Rxd7 Rxd7 20.
Nd1 $1 {Although black has control over the ''d'' file,there are no squares
for penetration.That's why white avoids an exchange of the rooks at this
moment.} h6 {That is a useful move,since Nf3-g5 can be quite unpleasant for
black,but black waste an important time and allows white to put a strong
pressure on e5.} (20... Nc7 21. Nf2 Bf7 22. Bb2 $1 $16 (22. Ng4 $6 Ne6 $1 $11 {
[%cal Ge6d4]})) (20... Qd8 $142 21. Bb2 (21. Nf2 Qa5 22. Bc1 Nc5 $14) 21... Nc5
22. Nf2 Qc7 23. Qe3 b6 $14) 21. Nf2 Qd8 ({black cannot create any counterplay:
} 21... Qb8 22. Nd3 b5 23. c5 $16) 22. Bb2 Nc5 23. Bf1 $1 {That is one of the
most important moves in the game.Now ''d3'' is under control and white is
prepared for 24.Qe3.} ({white shouldn't hurry:} 23. Bxe5 $6 Bxe5 24. Nxe5 Rd2
25. Qe3 Qg5 $1 $44 {and black's activity cannot be understated.}) 23... Kh7 $2
{An inaccurate move,which allows white to win an important pawn.} ({better was:
} 23... Qc7 24. Qe3 b6 25. Be2 Rf7 26. Rd1 Kh7 $14 {and black has a passive
but defensible position.}) 24. Qe3 b6 25. Bxe5 {White can safely take the pawn.
} Bxe5 26. Nxe5 Rd2 {Now that penetration is not powerful at all.} 27. Re2 Rxe2
28. Bxe2 Qd6 29. Ned3 $1 {Exchanging black's active knight.} ({worse was:} 29.
Bxh5 Qxe5 30. Bg4 Bf7 {and black has a type of blockade.}) 29... Nxd3 30. Nxd3
Ng7 $8 31. c5 $1 $18 {[%csl Rc6] Seizing a space on the qside and fixing
black's pawn on c6.} (31. e5 $143 Qe7 (31... Qa3 32. Qd2 $16) 32. Nf4 Bf7 33.
Bd3 $16) 31... Qc7 32. Kg2 {Black is completely passive,so white is not in a
hurry.} ({Anyway,i would prefer an immediate} 32. Qd4 b5 33. Qf6 {[%cal Gd3f4,
Gd3e5] with a full domination.}) 32... b5 {[%cal Gc7a5] Black is trying to
activate his queen-otherwise white will improve his position very easily.} 33.
Qd4 Qa5 34. Qb2 {Now white's plan is simple:he wants to stabilize the
situation on the qside and neutralize activity of black's queen.} (34. Nb4 Qa3
35. Qd2 Qa5 36. h4 Bf7 $16 {[%cal Gg7e6]}) 34... Qd8 ({after} 34... b4 35. Qd2
g5 36. Bf3 {[%cal Ge4e5] white's position seems to be completely winning.}) 35.
Qc3 a5 36. a3 Qe7 (36... a4 37. bxa4 bxa4 38. Nb4 (38. Bf3 $5 Qd7 39. Nf4 $18)
38... Qd7 39. g4 $18 {[%csl Rc6,Rg7]}) 37. Nf4 ({another sufficient
possibility was:} 37. Bf3 $5 Qf7 38. Ne5 Qf6 39. b4 axb4 40. axb4 $18) 37... g5
{Now black's monarch is too weak.} (37... Bf7 38. Bd3 Ne6 39. b4 $18 (39. Nxe6
$5 Qxe6 40. Bc2 Qe7 41. Qd4)) 38. Nxe6 Nxe6 (38... Qxe6 39. Bd3 h5 40. Bc2 g4
41. h4 Qf7 42. Qe3 {[%cal Ge4e5] was also hopeless}) 39. Qe5 $1 {White has got
a full domination!} Qd7 40. Qd6 {The most simple-now white doesn't has to
worry about some checks.} Qxd6 41. cxd6 Kg6 42. a4 $1 {An important move,which
would allow white to advance his monarch.} ({much worse was:} 42. b4 $2 axb4
43. axb4 Kf6 44. Bg4 Nd8 (44... h5 45. Bxh5 Ke5 46. d7 Kd6 47. Bg4 Kxd7 48. h4
$18) 45. Kf3 Ke5 46. d7 Kd4 47. Bf5 h5 48. h4 gxh4 49. gxh4 Ke5 {with some
chanses of draw.}) 42... bxa4 43. bxa4 Kf6 44. Bg4 Nc5 ({more resistant was:} 
44... Nd8 45. Kf3 Ke5 46. d7 Kd4 47. Bf5 c5 48. Kg4 Ke5 (48... c4 49. Kh5 Ke5 (
49... c3 50. e5 Kxe5 51. Bc2 Kf6 52. Kxh6 Nf7+ (52... Ne6 53. h4 gxh4 54. gxh4
Ke7 55. h5 Kf7 (55... Nd4 56. Kg6 Nxc2 57. d8=Q+ Kxd8 58. h6 $18) 56. Bb1 Ke7
57. Kg6 $18) 53. Kh5 Ke7 54. Kg6 Ne5+ 55. Kxg5 Nc4 56. h4 Ne3 57. h5 Nxc2 58.
d8=Q+ Kxd8 59. h6 $18) 50. Bg4 {49...Ke5}) {although white has a win also:} 49.
Kh5 c4 50. Bg4 c3 51. Bd1 Kxe4 52. Kxh6 Kf5 53. Bc2+ Kf6 54. h4 gxh4 55. gxh4
Ke7 56. h5 Ne6 57. Kg6 Nf4+ 58. Kg5 Ne6+ 59. Kg4 $18) 45. Kf3 Nb7 (45... Nxa4
46. e5+ $18) 46. Ke3 ({only not} 46. d7 $2 Ke7 47. e5 Nc5 48. e6 Nxa4 $11)
46... Nxd6 ({black cannot just wait:} 46... Ke5 47. d7 Nd8 48. Kd3 Nb7 49. Bf5
Nd8 50. Kc4 Nb7 51. g4 Kd6 52. Kd4 c5+ 53. Kc4 $18 {[%cal Gc4b5]}) 47. Kd4 Nf7
(47... Nb7 48. Bc8 Nd8 49. Kc5 Ke5 50. Bf5 {[%cal Gc5b6]} Nb7+ 51. Kxc6 Nd6 52.
Kb6 $18) 48. Kc5 Ke5 ({after} 48... Ne5 {the strongest is:} 49. Kd6 $1 c5 50.
Kxc5 Nxg4 51. hxg4 Ke5 52. Kb5 Kxe4 53. Kxa5 $18) 49. Kxc6 $6 {That allows
black to prolong the fight.} ({I would prefer:} 49. Bf5 $142 Nd6 (49... Nd8 50.
Kb6 $18) 50. Kxc6 $18) 49... Kxe4 (49... Nd6 50. Bf5 $1 h5 (50... Nxe4 51. Bxe4
Kxe4 52. g4 $1 Kf4 53. Kb5 Kg3 54. Kxa5 Kxh3 55. Kb4 Kxg4 56. a5 $18) 51. Kb6
h4 52. gxh4 gxh4 53. Kxa5 $18) 50. Kb5 Ne5 $6 ({Black could defend much
stronger:} 50... Kd4 $1 51. Kxa5 Kc5 52. Ka6 Ne5 $1 {and t's not easy for
white to advance his pawn.} (52... Nd6 $2 53. a5 Kb4 54. Be2 Kc5 55. Ka7 $18)
53. Be2 $1 {At this moment white is controlling all the important squares,and
black cannot make some ''waiting'' move like h6-h5.} (53. a5 $2 Kb4 {[%cal
Ge5c4]} 54. Kb6 Nc4+ 55. Kc6 Nxa5+ 56. Kd5 Kc3 57. Ke5 Kd3 58. Kf5 Kd4 59. Kg6
Ke5 60. Kxh6 Kf6 $11) 53... Nc6 (53... Kb4 54. Bb5 Kc5 55. a5 h5 56. h4 $1 gxh4
(56... g4 57. Be8 Nc4 58. Bxh5 Kb4 59. Bf7 Nxa5 60. Bd5 $18) 57. gxh4 Ng6 58.
Kb7 $18) 54. Bb5 Nd4 55. Be8 Ne2 56. a5 $18) 51. Kxa5 Kd4 52. Kb5 {[%cal Ga4a5]
Now the way for white's passed pawn is open-the game is over.} Nc4 53. a5 Nd6+
54. Kc6 Nc4 55. a6 Na5+ 56. Kb5 {[%mdl 32]} 1-0

[Event "Belfort Masters 6th"]
[Site "Belfort"]
[Date "2003.12.20"]
[Round "6"]
[White "Gurevich, Mikhail"]
[Black "Bauer, Christian"]
[Result "1/2-1/2"]
[WhiteElo "2656"]
[BlackElo "2602"]
[Annotator "Roiz,M"]
[PlyCount "38"]
[EventDate "2003.12.15"]
[EventType "tourn"]
[EventRounds "10"]
[EventCountry "FRA"]
[EventCategory "15"]
[SourceTitle "CBM 099"]
[Source "ChessBase"]
[SourceDate "2004.03.30"]
[SourceVersion "1"]
[SourceVersionDate "2004.03.30"]
[SourceQuality "1"]

1. c4 f5 2. d4 Nf6 3. g3 g6 4. Bg2 Bg7 5. Nf3 O-O 6. Nc3 d6 7. O-O c6 8. d5 {
The most principal continuation. White has seized a space and fixed a weakness
on e6.} Bd7 {[%csl Rc6][%cal Yd7c6] Protecting on c6 and preparing a standard
move Na6-c5.} (8... e5 9. dxe6 {is a rare guest in modern practice.}) 9. Rb1 a5
10. b3 Na6 11. Bb2 Nc5 12. Nd4 Qb6 {The queen puts pressure on white's knight
d4 and can be useful for counterplay (b7-b5 and a5-a4 are always possible
options for black in that kind of structures). On the other hand, it can be
vulnerable in view of possible plan of white:a2-a3 and b3-b4.} (12... Qe8 13.
e3 e5 (13... Nfe4 {Johnson,M} 14. Nxe4 Nxe4 15. Ne6 Bxe6 16. Bxg7 Kxg7 17. Bxe4
fxe4 18. Qd4+ Rf6 19. dxe6 Qc8 20. Qxe4 Qxe6 $10) 14. dxe6 Bxe6 15. Qc2 Bf7 16.
Rbd1 Qe7 17. Rfe1 Qc7 18. Nde2 Rfe8 19. Nf4 Qe7 20. Nd3 Nce4 21. f3 Nxc3 22.
Bxc3 d5 23. cxd5 Nxd5 24. Bxg7 Kxg7 25. e4 fxe4 26. fxe4 Nb4 27. Qb2+ Kg8 28.
Nf2 Qe5 29. Qxe5 Rxe5 30. Rd7 Kf8 31. Rxb7 Nxa2 32. Nd3 {1/2-1/2 Ehlvest,
J-Nikolic,P/Yerevan 1996/CBM 53/[Johnson,M] (32)}) 13. e3 (13. Qd2 Qa6 14. Rfd1
Rae8 15. e3 Nce4 16. Nxe4 Nxe4 17. Bxe4 fxe4 18. Ne6 Bxe6 19. Bxg7 Kxg7 20.
Qd4+ Rf6 21. dxe6 $14 {1-0 Marin,M-Gual Pascual,A/Badalona 1996/EXT 2004 (51)})
({deserves attention is:} 13. Ba1 $5 {[%cal Gc3a4]} Rfc8 (13... Qa6 14. a3 $36
{[%cal Gb3b4]}) 14. Na4 Nxa4 (14... Qd8 15. Nxc5 dxc5 16. dxc6 bxc6 17. Nc2 $14
) 15. bxa4 Qa6 16. Qb3 cxd5 17. cxd5 Rc7 18. Rfd1 $14 {[%cal Gd4b5] and
white's position is preferable.} (18. Nb5 $6 Bxb5 19. axb5 Qb6 {[%csl Rc5]
[%cal Gf6d7]})) 13... Rfc8 (13... Qa6 $5 14. a3 cxd5 15. cxd5 Rfc8 16. Ba1 a4
17. b4 Nb3 18. Nxb3 axb3 19. Rxb3 Ng4 20. Re1 Rc7 21. h3 Ne5 $44 {1-0
Kopjonkin,G-Varitski,I/Pardubice 1999/EXT 2000 (48)}) 14. Qe2 Nce4 $146 {
That is new and probably not the best continuation.} (14... a4 15. Ba1 axb3 16.
axb3 cxd5 17. Nxd5 Nxd5 18. Bxd5+ e6 19. Bg2 Na6 20. b4 $36 {1-0 Villeneuve,
A-Akesson,R/Oslo 1981/MCD (34)}) (14... Qa6 15. Rfd1 Nce4 16. Nxe4 fxe4 17. h3
$6 (17. Ne6 $142) 17... cxd5 18. cxd5 Qxe2 19. Nxe2 Rc5 $15 {0-1 Molnar,
L-Grunberg,M/Budapest 1998/EXT 2002 (37)}) 15. Nxe4 $6 {Missing a nice
opportunity of getting a clear advantage.} ({White had to keep the knights on
the board, since Ne4 has no good squares:} 15. Na4 $142 $1 Qd8 (15... Qa6 16.
f3 Ng5 (16... Nc5 17. Nxc5 dxc5 18. dxc6 bxc6 19. Nc2 $14) 17. dxc6 bxc6 18. c5
$1 Qxe2 19. Nxe2 $14 {[%csl Rb6][%cal Ga4b6]}) 16. f3 Ng5 (16... Nc5 17. Nxc5
dxc5 18. dxc6 bxc6 19. Nc2 $14) 17. dxc6 bxc6 18. c5 $14) 15... fxe4 {[%cal
Gd7g4] Black chooses a forced line that leads to an equal position.} ({
deserved attention also:} 15... Nxe4 $5 16. Bxe4 $140 (16. f3 Nc5 $11) 16...
fxe4 17. f3 cxd5 18. cxd5 Bxd4 $1 19. Bxd4 Qb5 $1 $15) 16. Ne6 Bxe6 17. dxe6
Qc5 $1 {White is not able to keep his pawn on e6.} (17... Rf8 $143 $6 18. Bd4
Qc7 19. Qc2 Qc8 20. Bxe4 Qxe6 21. Bg2 $14 {[%csl Gd4,Gg2]}) 18. Bxf6 exf6 19.
Bxe4 Re8 $11 {Now black has no weaknesses, since he can easily protect on d6.
Any side just cannot improve his position, so the draw was agreed.} 1/2-1/2

[Event "Nagykanizsa 1st"]
[Site "Nagykanizsa"]
[Date "2003.11.13"]
[Round "9"]
[White "Erdos, Viktor"]
[Black "Antal, Gergely"]
[Result "0-1"]
[WhiteElo "2443"]
[BlackElo "2473"]
[Annotator "Roiz,M"]
[PlyCount "84"]
[EventDate "2003.11.05"]
[EventType "tourn"]
[EventRounds "11"]
[EventCountry "HUN"]
[EventCategory "11"]
[SourceTitle "CBM 099"]
[Source "ChessBase"]
[SourceDate "2004.03.30"]
[SourceVersion "1"]
[SourceVersionDate "2004.03.30"]
[SourceQuality "1"]

1. d4 f5 2. c4 Nf6 3. Nc3 g6 4. g3 Bg7 5. Bg2 O-O 6. Nf3 d6 7. O-O c6 8. d5 e5
9. dxe6 Bxe6 10. Bf4 {That is not the most principal approach,since d6 is
weaker than c4. White is trying to use some develoment advantage, but that is
not enough.} ({There are more common alternatives:} 10. b3) (10. Qd3) 10...
Bxc4 11. Bxd6 ({White has no advantage in the endgame:} 11. Qxd6 Qxd6 12. Bxd6
Re8 13. Ne5 Ba6 14. f4 Nbd7 15. Rfd1 Nb6 16. Bf3 Nfd7 17. Nxd7 Nxd7 $11 {
1-0 Gareev,T-Malaniuk,V/St Petersburg 2003/EXT 2004 (52)}) 11... Re8 {Black
has a comfortable development without weaknesses of his pawn structure - that
means that he has no difficulties.} 12. Ne5 {That move seems to be slighty
inaccurate, since the knight is vulnerable here.} ({White should probably care
about equality:} 12. Qd4 Bd5 $1 13. Bxb8 Bxf3 14. Qxd8 Rxd8 15. Bxf3 Raxb8 $11
{1/2-1/2 Larsen,B-Palatnik,S/Palma de Mallorca 1989/TD (46)}) (12. Ba3 Qxd1 13.
Rfxd1 Na6 14. Nd4 Rad8 15. e3 Ne4 16. Nxe4 fxe4 $11 {0-1 Luckans,A-Cmilyte,V/
Mezezers 2000/EXT 2001 (61)}) 12... Be6 $1 (12... Bd5 $2 13. Nxd5 Qxd6 14.
Nxf6+ Qxf6 15. Qb3+ Qe6 16. Qxb7 $18 {1-0 Djukic,N-Neiksans,A/Rimavska Sobota
1996/EXT 97 (72)}) 13. Nf3 {It is funny, but that knight's retreat is not a
novelty! It looks strange, but that move is not so wrong.} (13. Qd3 Nbd7 14.
Nxd7 (14. Nc4 Nb6 15. Ne3 Qd7 16. Rad1 Qf7 17. b3 Rad8 $15 {1-0 Schebitz,
S-Renner,C/Passau 2000/CBM 76 ext (37)}) 14... Qxd7 (14... Nxd7 15. Rfd1 Ne5
16. Qc2 Qf6 $15) 15. Rfd1 (15. Rad1 Rad8 16. Qc2 Qf7 $15 {0-1 Vanderstricht,
G-Posazhennikov,A/Netherlands 1995/EXT 99 (45)}) 15... Qf7 (15... Rad8 $142 $15
) 16. Bc5 Nd7 17. Be3 Nb6 $11 {1-0 Bohm,H-Van der Weide,P/Leeuwarden 1979/MCD 
(32)}) (13. Qd2 Nbd7 14. Nxd7 Qxd7 15. Rfd1 Qf7 (15... Rad8 $15) 16. Qc2 g5 17.
e3 Ng4 $36 {0-1 Izquierdo,D-Rodriguez,A/Villa Ballester 1995/EXT 2002 (40)}) (
13. Rc1 Nbd7 14. Nd3 Bf7 15. b3 Nb6 16. Ba3 Nbd5 17. Bb2 Nxc3 18. Bxc3 Bd5 {
1/2-1/2 Piket,J-De la Riva Aguado,O/Escaldes 1998/CBM 68 (18)}) 13... Kh8 $146
{That is always a useful move for black, since Nf3-g5 can be unpleasant. At
the same time, black doesn't allows white to consolidate his position by 14.
Qc2 and 15.Rfd1.} ({there is nothing wrong also with} 13... Nbd7 14. Qc2 (14.
Ng5 Bc4 15. Re1 Nb6 $15) 14... Nd5 15. Nxd5 (15. Rad1 Nxc3 16. bxc3 $13 Qa5
$140 $6 17. Bb4 $1 Qa6 18. Ng5 $36) 15... Bxd5 16. Nh4 Nf6 17. Bxd5+ Nxd5 18.
Bc5 Qf6 $15 {0-1 Touzane,O-Bologan,V/Biel 1995/CBM 48 ext (40)}) 14. Ba3 $6 {
Only that move is a serious inaccuracy. The bishop is out of play here.} ({
white could keep a balanced position after:} 14. Qd2 $142 Nbd7 (14... Bd5 15.
Ng5 $1 (15. Bf4 Ne4 16. Nxe4 fxe4 $15) 15... Kg8 16. Nxd5 Qxd6 17. Nxf6+ Qxf6
18. Bd5+ cxd5 19. Qxd5+ Kh8 20. Nf7+ Kg8 21. Ng5+ $11) 15. Rfd1 Nb6 16. Qc2 $11
) 14... Nbd7 ({There was a better way for the Nb8:} 14... Nd5 $142 $1 15. Nxd5
Bxd5 16. Qc2 Qf6 17. Rad1 a5 $1 $15 {[%cal Gb8a6]} (17... Nd7 {-14...Nbd7.}))
15. Qc2 ({after} 15. Nd4 Bf7 16. Qc2 Qb6 17. Rfd1 Rad8 $15 {[%cal Gf6g4,Gd7c5]
black's position is preferable.}) 15... Nd5 {[%csl Gg7] Black has to change
the Nc3 - that will allow him to put a strong pressure on the long diagonal.}
16. Nxd5 ({I would prefer to wait with that exchange. For example:} 16. Rad1 $5
Qa5 (16... Nxc3 17. bxc3 Bc4 18. Rfe1) 17. Nd4 (17. Nxd5 Bxd5 $15 {[%csl Ra3,
Gd5,Gg7]}) 17... Nxc3 18. Qxc3 Qxc3 19. bxc3 Nb6 (19... Bd5 $5 20. Bxd5 cxd5
21. e3 Nb6 $15) 20. Nxe6 Rxe6 21. e3 Bxc3 22. Rd3 Bf6 23. Rb1 $15 {and white
has some compensation for the pawn, although black's chanses are better.})
16... Bxd5 17. Rad1 Qf6 18. Rd2 {[%cal Ga3b4,Gb4c3]} ({after} 18. b3 a5 19. Bc1
a4 20. bxa4 Re4 $15 {black's pressure is unpleasant.}) 18... a5 $1 {Preventing
activization of Ba3.} 19. Ne1 Nb6 20. Bc5 $2 {[%mdl 8192] A blunder of pawn.} (
{At the same time after} 20. Bxd5 Nxd5 (20... cxd5 21. b3 Rac8 22. Qd3 $11) 21.
Nd3 (21. Bc5 $6 Qe6 {[%cal Gd5b4]} 22. Nd3 b6) 21... Rad8 ({after} 21... b6 22.
b3 Qc3 23. Bb2 Qxc2 24. Bxg7+ Kxg7 25. Rxc2 c5 {black's advantage is symbolic})
22. b3 {[%cal Ga3b2] white is only slighty worse.}) 20... Nc4 21. Rd1 (21. Bd4
Qe7 22. Rd1 Bxd4 23. Rxd4 (23. Bxd5 cxd5 24. Rxd4 Ne3 $19) 23... Ne3 $1 $19 {
that is what white has probably overlooked.}) 21... Qxb2 {The endgame is
unavoidable and that is completely lost for white.} 22. Bxd5 Qxc2 23. Nxc2 cxd5
24. Rxd5 $2 {That is already a decisive mistake.} (24. e3 $142 Rad8 25. Bd4 b5
$17) 24... Rxe2 25. Ne3 (25. Rc1 {was more resistant but after:} Rc8 $1 (25...
b5 $143 26. Kf1 Rae8 27. Re1 Rxe1+ 28. Nxe1 $17 {[%csl Gd5]}) 26. Nd4 Re5 27.
Rxe5 Nxe5 28. Rc2 Nd7 29. Bd6 Rxc2 30. Nxc2 Kg8 $19 {[%cal Gg8f7,Gf7e6,Ge6d5,
Gb7b5] black has a winning endgame.}) 25... Nxe3 26. Bxe3 Rxa2 27. Rfd1 (27.
Rb1 Ra1 $19) 27... Ra1 28. Bc1 (28. Rxa1 Bxa1 29. Rb5 a4 30. Rxb7 a3 $19) 28...
Bf6 $19 {Now black has just 2 extra passed pawns, so the rest is an easy job.}
29. Kg2 Kg8 30. Rd6 Rc8 $1 {The most simple way.} 31. Rxf6 Raxc1 32. Rd5 (32.
Rd7 R8c7 $19 (32... R1c7 $19)) (32. Rxc1 Rxc1 33. Rb6 Rc7 34. Rb5 a4 35. Kf3 (
35. Ra5 Rc4 36. Rb5 a3 $19) 35... a3 36. Ke3 a2 37. Ra5 Rc2 $19) 32... R1c5 33.
Rd7 R8c7 34. Rd8+ Kg7 35. Rb6 R5c6 36. Rd6 (36. Rb5 Ra6 37. Rd3 (37. Rdd5 a4
38. Ra5 Rcc6 39. Rab5 b6 40. Rd7+ Kf6 $19) 37... Kf6 $19) 36... Rxd6 37. Rxd6
b5 38. Rb6 Rc5 39. Kf3 a4 40. Kf4 a3 41. Kg5 h6+ 42. Kf4 a2 {[%mdl 2064]} (
42... a2 43. Ra6 Rc4+ 44. Kf3 Ra4 $19) 0-1